00498nam a2200157Ia 450000500170000000800410001704100080005808200160006610000400008224500410012226000460016330000080020950000420021765000410025970000400030020230502185655.0230125s9999 xx 000 0 und d aeng a344.01bPRO aProfessional Book Publishers (Pub.) aThe Societies Registration Act, 1860 c2022bProfessional Book Publisher.aDelhi a74p aBare Acts;Societies Registration Act  aBare Acts;Societies Registration Act aProfessional Book Publishers (Pub.)